Hacia una teoría del Estado en las formaciones sociales periféricas

Shranjeno v:
Bibliografske podrobnosti
Glavni avtor: Pérez Sáinz, Juan Pablo
Format: Texto
Izdano: s.l: s.e.
Oznake: Označite
Brez oznak, prvi označite!

MARC

LEADER 00000 a a2200000 04500
001 24389
003
040
090 |a 172900  
100 |a Pérez Sáinz, Juan Pablo  
245 |a Hacia una teoría del Estado en las formaciones sociales periféricas  
260 |a s.l:   |b s.e.  
300 |a pp. 11-50  
999 |c 12873  |d 12873